The Nonlinear Universe : Chaos, Emergence, Life
Enregistré dans:
| Auteur principal: | |
|---|---|
| Format: | Livre |
| Langue: | anglais |
| Publié: |
New York :
Springer-Verlag Berlin Heidelberg,
2007
|
| Sujets: | |
| Tags: |
Pas de tags, Soyez le premier à ajouter un tag!
|
MARC
| LEADER | 00000nam a22000003a 4500 | ||
|---|---|---|---|
| 001 | stu154223 | ||
| 005 | 20190206105102.5 | ||
| 008 | 071217s2007----xxu-----------------eng-d | ||
| 020 | |a 978-3-540-34152-9 | ||
| 040 | |a STU |b slo | ||
| 041 | 0 | |a eng | |
| 044 | |a xxu | ||
| 100 | 1 | |a Scott, Alwyn C. |4 aut | |
| 245 | 1 | |a The Nonlinear Universe : |b Chaos, Emergence, Life | |
| 260 | |a New York : |b Springer-Verlag Berlin Heidelberg, |c 2007 | ||
| 300 | |a 364 s | ||
| 650 | 7 | |a chaos |2 stusub | |
| 650 | 7 | |a nelineárne javy |2 stusub | |
| 650 | 7 | |a emergencia |2 stusub | |
| 650 | 7 | |a umelý život |2 stusub | |
| 996 | |b I5903 |c I*5903 |l II680 |s A |a 24 |w stu154223_0001 | ||